| 000 | 00516nam a22001817a 4500 | ||
|---|---|---|---|
| 003 | 0 | ||
| 005 | 20240119071258.0 | ||
| 008 | 240119b xxu||||| |||| 00| 0 eng d | ||
| 020 | _a978-0-545-83021-8 | ||
| 050 |
_aTR _bBed399 2011 |
||
| 082 |
_aTR _bBed399 2011 |
||
| 100 | _aFreedman, Claire | ||
| 245 |
_aBedtime little ones! _cClaire Freedman |
||
| 260 |
_aNew York City _bScholastic, Inc. _cc2011. |
||
| 300 |
_aunpaged : _bcolored illustrations ; _c23 cm. |
||
| 650 | _aChildrens stories. | ||
| 942 |
_2ddc _cBK |
||
| 999 |
_c365872 _d365872 |
||